000 00358nam a2200145Ia 4500
008 210210b1988 xxu||||| |||| 00| 0 eng d
082 _a820.109 DASM
100 _aDAS (Kamala)
245 _aMy story
260 _aN D
_bSterling Publishers Pvt Ltd.,
_c1988
300 _a219
650 _aKamala Das
690 _aIndian English Criticism
906 _a041462
999 _c91391
_d91391